| 000 | 01989cam a22003258i 4500 | ||
|---|---|---|---|
| 001 | 18016989 | ||
| 003 | SISC | ||
| 005 | 20170125114040.0 | ||
| 008 | 140123s2014 cau b 001 0 eng | ||
| 010 | _a 2013048860 | ||
| 020 | _a9781118356487 (pbk.) | ||
| 040 |
_aDLC _beng _cDLC _erda |
||
| 042 | _apcc | ||
| 050 | 0 | 0 |
_aHD 60 _b.G7556 2014 |
| 082 | 0 | 0 | _a658.4/08 |
| 100 | 1 |
_aGuo, Chao. _d1971- |
|
| 245 | 1 | 0 |
_aSocial entrepreneurship : _ban evidence-based approach to creating social value / _cChao Guo and Wolfgang Bielefeld. |
| 260 |
_aU.S.A. : _bJohn Wiley & Sons, Inc., _c2014. |
||
| 263 | _a1402 | ||
| 300 |
_a326 pages : _billustrations ; _c24 cm. |
||
| 504 | _aIncludes bibliographical references and index. | ||
| 505 | 0 | _aTables, figures, and exhibit -- The authors -- Introduction: understanding and using social entrepreneurship -- Social entrepreneurship : concept and context -- The many faces of social entrepreneurship -- Social entrepreneurship as organizational behavior -- Understanding and managing the social entrepreneurial process -- Discovering and creating social entrepreneurial opportunities -- From opportunity to action -- From action to impact -- Funding social entrepreneurship -- Social intrapreneurship: innovation from within -- Managing the social intrapreneurial process -- The emerging trends and issues -- Social entrepreneurship in the public sector -- Boundary spanning and social entrepreneurship -- New media and social entrepreneurship -- Conclusion: the road traveled and the journey ahead -- Notes -- Index. | |
| 521 | _aBusiness Administration | ||
| 650 | 0 | _aSocial entrepreneurship. | |
| 700 | 1 | _aBielefeld, Wolfgang. | |
| 776 | 0 | 8 |
_iOnline version: _aGuo, Chao, 1971- _tSocial entrepreneurship _dSan Francisco : Jossey-Bass & Pfeiffer Imprints, Wiley, 2014 _z9781118844137 _w(DLC) 2014003233 |
| 906 |
_a7 _bcbc _corignew _d1 _eecip _f20 _gy-gencatlg |
||
| 942 |
_2lcc _cBK _kFOR |
||
| 999 |
_c275949 _d275949 |
||